Ocho lecciones sobre ética y derecho : para pensar la democracia /

Guardado en:
Autor Principal: Nino, Carlos.
Otros Autores: Alegre, Marcelo, (ed.)
Formato: Libro
Idioma:Undetermined
Publicado: Buenos Aires : Siglo veintiuno, 2017.
Edición:1a. ed., 1a. reimp.
Series:Mínima
Materias:
Etiquetas: Agregar Etiqueta
Sin Etiquetas, Sea el primero en etiquetar este registro!
LEADER 00567nam a22001815a 4500
001 DER.der015352
008 251023s2017####ag############000#0#und#d
005 20251105142618.0
245 1 0 |a Ocho lecciones sobre ética y derecho :  |b para pensar la democracia /  |c Carlos Nino. 
250 |a 1a. ed., 1a. reimp. 
260 |a Buenos Aires :  |b Siglo veintiuno,  |c 2017. 
300 |a 189 p. 
490 1 |a Mínima 
020 |a 9789876293297 
100 1 |a Nino, Carlos. 
700 1 |a Alegre, Marcelo,  |e ed. 
650 7 |a FILOSOFIA DEL DERECHO 
859 |a DERECHO  |b BIB. DERECHO  |h 340.1  |i NIN  |p 0010676